Návrh systému zavedenia mentoringu a koučingu v podmienkach Delta Electronics (Slovakia), s.r.o.
Na minha lista:
| Autor principal: | |
|---|---|
| Outros Autores: | |
| Formato: | Manuscrito Livro |
| Idioma: | eslovaco |
| Publicado em: |
2015
|
| Assuntos: | |
| Acesso em linha: | http://is.stuba.sk/zp/portal_zp.pl?podrobnosti=110121 |
| Tags: |
Sem tags, seja o primeiro a adicionar uma tag!
|
MARC
| LEADER | 00000ntm a22000003a 4500 | ||
|---|---|---|---|
| 001 | stuzp49858 | ||
| 003 | SK-STU | ||
| 005 | 20160719153414.7 | ||
| 007 | ta | ||
| 008 | 150427s2015----xo-----f-mn---000-0-slo-d | ||
| 040 | |a STU |b slo | ||
| 041 | 0 | |a slo | |
| 100 | 1 | |a Kurinec, Ondrej, |d 1990- |u 064000 |4 aut |U MTF Materiálovotechnologická fakulta |T MTF Ústav priemyselného inžinierstva a manažmentu |X 6768 |U M4000 |Y 84 |7 A000006768 | |
| 242 | 0 | 1 | |a Blueprint of applying mentoring and coaching system in conditions Delta Electronics (Slovakia). s.r.o. |y eng |
| 245 | 1 | 0 | |a Návrh systému zavedenia mentoringu a koučingu v podmienkach Delta Electronics (Slovakia), s.r.o. |
| 260 | |c 2015 | ||
| 650 | 4 | |a koučing |2 slo | |
| 650 | 4 | |a mentoring |2 slo | |
| 650 | 4 | |a zamestnanci |2 slo | |
| 650 | 4 | |a školenie |2 slo | |
| 650 | 4 | |a podnik |2 slo | |
| 650 | 4 | |a potenciál |2 slo | |
| 650 | 4 | |a zručnosti |2 slo | |
| 650 | 4 | |a coaching |2 eng | |
| 650 | 4 | |a mentoring |2 eng | |
| 650 | 4 | |a employees |2 eng | |
| 650 | 4 | |a training |2 eng | |
| 650 | 4 | |a company |2 eng | |
| 650 | 4 | |a potential |2 eng | |
| 650 | 4 | |a skills |2 eng | |
| 700 | 1 | |a Chlpeková, Andrea, |d 1969- |4 ths |X 237 |7 A000000237 | |
| 856 | 4 | |u http://is.stuba.sk/zp/portal_zp.pl?podrobnosti=110121 | |
| 996 | |c M* DP-12188 |l MMSKP |s P |a 0 |w stuzp49858_0001 | ||
| SQL | |a stuzp49858 |b DDP |c SLO |d Návrh systému zavedenia mentoringu a koučingu v podmienkach Delta Electronics (Slovakia), s.r.o. |e 6768 |f Kurinec, Ondrej |g 064000 |h 237 |i Chlpeková, Andrea |j 20150602 |k 189 |l 06 |m http://is.stuba.sk/zp/portal_zp.pl?podrobnosti=110121 |n I-PMA |o 5.2.52. priemyselné inžinierstvo | ||